000 02095cam a2200337 i 4500
001 17219660
003 EG-ScBUE
005 20240530090722.0
008 120320s2011 ua f b f001 0 eng d
020 _a9789774165139
040 _aEG-ScBUE
_beng
_erda
_cEG-ScBUE
_dEG-ScBUE
082 0 4 _a956.054
_222
_bCHA
245 0 4 _aThe changing Middle East :
_ba new look at regional dynamics /
_cedited by Bahgat Korany.
250 _aAUC Forum for International Affairs edition.
250 _aTahrir studies edition.
264 1 _aCairo ;
_aNew York :
_bAmerican University in Cairo Press,
_c2011.
300 _axiv, 282 pages ;
_c23 cm
336 _2rdacontent
_atext
_btxt
337 _aunmediated
_2rdamedia
_bn
338 _avolume
_bnc
_2rdacarrier
500 _aReprint with new preface. Originally published in 2010.
504 _aIncludes bibliographical references and index.
505 0 _aLooking at the Middle East differently : an alternative conceptual lens / Bahgat Korany -- An attempt to evaluate the development of Arab civil society / Amani Kandil -- Arab media over the past twenty years : opportunities and challenges / Rasha A. Abdulla -- On the margins of defeat : a sociology of Arab intellectuals under authoritarianism / Hazem Kandil -- Women's empowerment hammers patriarchy : how big is the dent? / Ola AbouZeid -- Continuity and change in Islamist political thought and behavior : the transformations of armed Islamist movements in Egypt and Algeria / Omar Ashour -- Nonstate actors : a comparative analysis of change and development within Hamas and Hezbollah / Julie C. Herrick -- The challenge of change and the necessity of social engineering / Bahgat Korany -- Appendix : Data and comments on Middle East transformations : 1989-2009.
650 _2BUEsh
651 7 _aMiddle East
_xPolitics and government
_y21st century.
_932064
_2BUEsh
651 7 _aMiddle East
_xSocial conditions
_y21st century.
_922774
_2BUEsh
653 _bBUSBOL
_cJanuary2013
_cOctober2017
655 _vText book
_933728
700 1 _aKorany, Bahgat,
_932065
_eeditor.
942 _2ddc
_cBB
999 _c17157
_d17129